000 00358 a2200145 4500
001 153997
040 _cEscola São Tomás de Aquino
100 _aCANÇADO, Antônio Augusto de Mello
240 1 0 _aPequeno ofício de esperança
_lpor
245 1 0 _aPequeno ofício de esperança
300 _a189
362 0 _a1983
697 _aEducação
942 _cBK
999 _c153997
_d153997